000 00823nam a2200265 a 4500
001 68922
003 BD-RjUL
005 20211209081829.0
008 170408s1995 ii ||||| |||| 00| 0 eng d
020 _a812041005X
035 _a(BD-RjUL)69133
040 _aBD-RjUL
_beng
_cBD-RjUL
_dBD-RjUL
041 _aeng
082 _223
_a615.32
_bMED 1995
245 0 0 _aMedicinal and aromatic plants in Asia :
_b breeding and improvement /
_cNarong Chomchalow and Hans V. Henle
250 _a1st Indian ed.
260 _aNew Delhi :
_bOxford & IBA Pub. Co PVT. Ltd.
_c1995.
300 _a196 p. ;
_c24 cm.
490 _aRapa Publication : 1993/19
650 _aPlants
_9204235
700 _aChomchalow, Narong
_9204236
700 _aHenle, Hans V.
_9204237
830 _aRapa Publication : 1993/19
_9204241
942 _2ddc
_cBK
999 _c68922
_d68922